| 000 | 01017pam a2200325 a 4500 | ||
|---|---|---|---|
| 999 |
_c531792 _d531792 |
||
| 001 | 598068 | ||
| 003 | NUST | ||
| 005 | 20191028123420.0 | ||
| 008 | 910607s1991 gw a b 001 0 eng | ||
| 010 | _a 91022158 | ||
| 020 | _a3110124084 (Berlin) | ||
| 020 | _a0899256805 (New York) | ||
| 038 | _aMSOHAIL | ||
| 040 |
_aDLC _cDLC _dDLC |
||
| 041 | 1 |
_aeng _hger |
|
| 050 | 0 | 0 |
_aQB281 _b.T5813 1991 |
| 082 | 0 | 0 |
_a526.1 _220 |
| 100 | 1 |
_aTorge, Wolfgang. _924852 |
|
| 240 | 1 | 0 |
_aGeodäsie. _lEnglish |
| 245 | 1 | 0 |
_aGeodesy / _cWolfgang Torge. |
| 250 | _a2nd ed. | ||
| 260 |
_aBerlin ; _aNew York : _bW. de Gruyter, _c1991. |
||
| 300 |
_a264 p. : _bill. ; _c24 cm. |
||
| 500 | _aTranslation of: Geodäsie. | ||
| 504 | _aIncludes bibliographical references (p. [235]-253) and index. | ||
| 650 | 0 |
_aGeodesy. _924853 |
|
| 906 |
_a7 _bcbc _corignew _d1 _eocip _f19 _gy-gencatlg |
||
| 942 |
_2ddc _cBK |
||